000 00720nam a2200205Ia 4500
001 3301
003 GE_BSU
008 181216s||||||||xx |||||||||||||| ||und||
040 _cGE_BSU
080 _a72(03)
100 _aКоваленко,Ю.Н. Шевченко,В.П. Михайленко,И.Д.
245 _aКраткий справочник архитектора(гражданские здания и сооружения).
245 _cПод общей редакцией Ю.И. Коваленко.
260 _aКиев.
260 _bБудiвельник.
260 _c1975.
300 _a704 стр. 22 см.
653 _aКраткий справочник архитектора.
942 _cBK
999 _c37342
_d37342